Quizzes
Events
Quiz Creation
Community
Videos
Private Events
Remove Ads
Sign In
Join for FREE
Feedback
Dark Mode
Quiz Categories
Sports
Geography
Music
Movies
Television
Just For Fun
Miscellaneous
History
Literature
Language
Science
Gaming
Entertainment
Religion
Holiday
For Kids
Quiz Lab
Recent
Popular Today
Quiz Kudos Today
Editor Picks
Curator Picks
Quizzes by...
Day
Popularity
Type
Ratings
Length
Year
Community
Subscriptions
Recent Discussions
Orange Saloon
Badges
Playlists
Quests
Create
Leaderboards
Showdown
Live 5
Trivia Bingo
Activity
Puzzle Library
Sporcle Events
Private Events
Virtual Trivia
Globe League
Become a Host
Pub Owners
SporcleCon
Opinionation
Our Games
Videos
Blog
Mobile Apps
Partnerships
Remove Ads and Go Orange
Feedback
Music
Pop Music
The Beatles
Song
Album
Lyrics
Bands
Singers
Artist
Clip
Rock
Rap
Classical
Billboard
Country Music
Kpop
Taylor Swift
Music
Pop Music
The Beatles
Song
Album
Lyrics
Bands
Singers
Artist
Clip
Rock
Rap
Classical
Billboard
Country Music
Kpop
Taylor Swift
Random Quiz
Search Sporcle
×
Quiz Lab
Quiz Lab
Music
Song
Type in answers that appear in a list
Type in answers that appear in a list
Classic
Best Score? Go Orange.
Top 10 Karaoke Songs Stats
Can you name the Top 10 Karaoke Songs?
By
amandabob
3m
10 Questions
633 Plays
633 Plays
633 Plays
Comments
Comments
Give Quiz Kudos
Give Quiz Kudos
-
- Ratings
hide this ad
Replay
Link that replays current quiz
Next Quiz
Link to next quiz in quiz playlist
You Got
0%
They Got
Avg Score
59%
Avg Friend Score
Upgrade to see
Score Distribution
Jump to the score distribution portion of the page
Score
0/10
Timer
03:00
0
Plays Today
Artist
Song
% Correct
#6. The Village People
YMCA
88%
#3. Madonna
Like a Virgin
82.3%
#9. Queen
Bohemian Rhapsody
77.3%
#1. Bon Jovi
Livin on a Prayer
77.1%
#4. Gloria Gaynor
I Will Survive
71.7%
#2. Jimmy Buffet
Margaritaville
59.1%
#7. Bonnie Tyler
Total Eclipse of the Heart
50.4%
#5. Red Hot Chili Peppers
Under The Bridge
48.3%
#8. Olivia Newton John & John Travolta
Summer Nights
37%
#10. Hank Williams Jr
There's a Tear in my Beer
1.9%
Quiz Playlist
Details
Report
Send in Message
Add To Playlist
Classic:
Type in answers that appear in a list
Last Updated: Feb 16, 2017
Quiz Scoreboard
CHALLENGE
Sign Up to Join the Scoreboard
Show All
Scores
Hide
Comments
May contain spoilers
Recently Published
1-10 Letter E Words III
by El_Dandy
Language
2m
One Thing in Common: World Cities II
by knightlancer
Geography
7m
Popular People in 1961
by mucciniale
History
6m
More to Explore
Quiz From the Vault
Featured Blog Post
Where Did the Easter Bunny Come From?
hide this ad
You Might Also Like...
Tags
Artist Quiz
Song Quiz
karaoke
Karaoke Songs
Top 10
Today's Top Quizzes in Music
Browse Music
hide this ad
Today's Top Quizzes in Song
Browse Song
Top Contributed Quizzes in Music
1
Taylor Swift All Songs (2024)
2
Taylor Swift Logic Puzzle
3
2010s Album by Cover III
4
Guess the Taylor Swift song (Mystery Song)
5
One Thing in Common: Music
6
Guess the Artist- 70s Songs
7
2010s Album by Cover IV
8
2010s Album by Cover V
9
Get the Picture: Carrie or Dolly
10
Lana Del Rey Discography (BTD to DYKTTATUOB)
Explore More
Trending Topics
NBA
Disney
Anime
Kpop
Crossword
Marvel
Harry Potter
Puzzle
Pokémon
WWE
Country
Soccer
Song
The Office
NFL
hide this ad
More By:
amandabob
Quiz
Plays
Rating
Category
Featured
Created
Oldies MegaMix (clips)
768
4.00
Music
Apr 8, 2010
Top 10 Karaoke Songs
633
4.17
Music
Feb 17, 2010
World's Top 10 Tourist Destinations
505
2.57
Geography
Feb 26, 2010
Name These Famous Actresses
493
2.17
Entertainment
Mar 2, 2010
Movie Mania
168
4.00
Movies
Jul 13, 2010
Go to Creator's Profile
Score Distribution
Quiz Creator Spotlight
amandabob
Follow
Send a Message
Quizzes Created
-
Created Quiz Play Count
-
More By This Creator
Popular Quizzes Today
1
Find the US States - No Outlines Minefield
2
The Countries of the World
3
Popular People in 1961
4
Find the Countries of Europe - No Outlines Minefield
5
1-10 Letter E Words III
6
Find the US States
7
One Thing in Common: World Cities II
8
US States
More Music Quizzes
Band Member Click: Eurythmics
Editor's Pick
Trending Quizzes
1-10 Letter F Words
1-10 Letter G Words
Risky Map Clicking: Next State Alphabetically
1-10 Letter F Words II
Risky Map Clicking: States by Unique Starting Letters
Recently Updated
Leaping Animals
pecheneg
Reality TV Shows (A-Z)
bhenderson79
Rickey Henderson's Hall of Fame Teammates
pecheneg
Champions League XIs: Arsenal
pecheneg
Quick Pick: Celebrities in WWE's Hall of Fame
aduchscher
A-Z Keypad Blitz II
pecheneg
Multiple Oscar Actors
pecheneg
Mystery Phrase Blitz: Oscar 'Best Actors'
pecheneg
F. Scott Fitzgerald Novels
LTH
Pick 3 Villains
ddd62291
Trending Topics
Crossword
Marvel
Anime
Kpop
Disney
NBA
Harry Potter
NFL
Soccer
Pokémon
The Office
Song
WWE
Country
Puzzle
Your Account Isn't Verified!
In order to create a playlist on Sporcle, you need to verify the email address you used during registration. Go to your
Sporcle Settings
to finish the process.
Report this User
Report this user for behavior that violates our
Community Guidelines
.
Details:
Send Report
Go to the Sporcle.com Mobile Site →
Comments